000
00176 a2200085 4500
245
_a
WAITING FOR GODOT
_h
Text
100
_a
SAMUEL BECKETT
650
_a
literature
005
20191021095644.0
084
_a
NONE
999
_c
12510
_d
12510